000 00358nam a2200145Ia 4500
005 20251222152710.0
008 251222s9999||||xx |||||||||||||| ||spa||
020 _a8420430927
082 _a863.64/F39
100 _aFernández, Pedro Jesús
245 0 _aPeón del Rey
250 _a1ra.ed.
264 _bGrupo Santillana de Ediciones ,S.A.
942 _cLIB
999 _c29163
_d29163